Desperate Housewives - Statistiques

Statistiques générales
  • Ce quiz a été pris 4 710 fois
  • Le résultat moyen est 18 sur 24
Statistiques - réponses
Indices Votre réponse % Correct
J'ai été aveugle dans la série Carlos
96%
Quel est le métier ,de l'amant, de Gabriella Solis? Jardinier
93%
Mon marie s'appelle Tom Lynett
89%
Je suis l'ex mari de Susan et le père de Julie Karl
88%
Combien de fois s'est-elle mariée? 2
87%
Quel est le nom de famille de Susan après s'être mariée avec Mike? Delfino
87%
Qui a sortit un livre de cuisine? Bree
86%
Ma soeur s'appelle Danielle Andrew
84%
Avec qui Zach Young est il tombé amoureux? Julie
84%
Je suis la voix-off de la série Marie Alice
83%
Comment s'appelle la fille ainée de Gabriella et Carlos Solis? Juanita
80%
Quel est son nom? John
79%
Mon nom de famille est McCluskey Karen
77%
Je suis le jumeau de Preston Porter
76%
Dans quelle rue se déroule majoritairement la série? Wisteria Lane
76%
Je suis le père d'Andrew et de Danielle Rex
75%
Mon conjoint est Bob Lee
71%
J'ai déménager de Fairview pour aller vivre dans un appartement Susan
71%
Qui a perdu sa femme et sa fille dans un accident de voiture? Dave
68%
Comment s'appelle la cadette de Gabriella et Carlos Solis? Célia
66%
Dans quelle ville se passe la série? Fairview
60%
Je suis avocat Bob
51%
Quel sport exerce l'ex mari de Renée? Baseball
48%
C'est la seule fille parmi ses frères Paige
24%
Aucun quiz correspondant
Distribution des résultats
% des personnes avec chaque résultat
Percentile par nombre de réponses
Votre historique - résultats
Vous n’avez pas pris ce quiz